| 000 | 00695nam a2200193 i 4500 | ||
|---|---|---|---|
| 001 | 163975 | ||
| 003 | ES-MaACL | ||
| 005 | 20250811145415.0 | ||
| 008 | 050728s1872 it | |||||||| ||ita d | ||
| 040 |
_aCAM _bspa _cCAM |
||
| 100 | 1 |
_aRosenthal, Maurizio. _9132063 |
|
| 245 | 1 | 0 |
_aManuale di diagnosi e terapia delle malattie nervose / _cMaurizio Rosenthal ; prima versione italiana di Francesco Berte. |
| 260 |
_aNapoli : _bVincenzo Pascuale, _c1872. |
||
| 300 |
_aXVI, 472 p. ; _c24 cm. |
||
| 650 | 7 |
_aEnfermedades mentales _2embne _912263 |
|
| 700 | 1 |
_aBertè, Francesco, _d1845-1895 _9156489 |
|
| 852 |
_aES-MaACL _jF-12040 _z-- Enc. pasta española |
||
| 999 |
_c163975 _d163975 |
||